000 00482nam a2200181Ia 4500
008 090124s9999 xx 000 0 und d
082 _b112672
100 _aपगारे हरिभाऊ
245 _a कालिंदी
250 _a1
260 _c1968
300 _a88
600 _aपगारे हरिभाऊ
630 _a कालिंदी
700 _aपगारे हरिभाऊ
730 _a कालिंदी
942 _cBOOK
999 _c158763
_d158763